000 00563nam a2200229Ia 4500
003 OSt
005 20220924141914.0
006 a|||||r|||| 00| 0
007 ta
008 220923b |||||||| |||| 00| 0 ben d
024 _a299758
037 _cTextual
040 _aARTS
_cARTS
_bben
041 _2ben
_aben
082 _aQ:311v262, 157K6
100 _aBasu
_9154812
245 0 _aBanglar lovkik devala
260 _c1966
650 _aBENGALI LITERATURE
942 _hQ:311v262, 157K6
_cTEXL
_2CC
999 _c448672
_d448672